[Event "Icelandic Team Championship 2021-22 - P"]
[Site "Reykjavik"]
[Date "2022.03.03"]
[Round "6.1"]
[White "Hillarp Persson, Tiger"]
[Black "Oleksiyenko, Mykhaylo"]
[Result "1/2-1/2"]
[WhiteElo "2505"]
[BlackElo "2584"]
[PlyCount "103"]
[EventDate "2021.09.30"]
[EventType "team-tourn"]
[EventRounds "10"]
[EventCountry "ISL"]
[WhiteTeam "Skákfélag Akureyrar"]
[BlackTeam "Taflfélag Reykjavíkur"]

1. d4 d5 2. c4 c6 3. Nf3 Nf6 4. Nc3 dxc4 5. a4 Bf5 6. e3 e6 7. Bxc4 Bb4 8. O-O
O-O 9. Qe2 Bg6 10. Ne5 Nbd7 11. Nxg6 hxg6 12. Rd1 Qc7 13. Bd2 Rad8 14. h3 a5
15. Rac1 e5 16. Ba2 Qb6 17. Qc4 Qa7 18. Ne2 Nb6 19. Qc2 Bxd2 20. Rxd2 Nbd5 21.
dxe5 Nb4 22. Bxf7+ Kxf7 23. Qb3+ Nfd5 24. e4 Ke8 25. exd5 Qxf2+ 26. Kh1 Rxd5
27. Rxd5 cxd5 28. Ng1 Qf4 29. Re1 g5 30. Nf3 g4 31. hxg4 Qxg4 32. Kg1 Qc4 33.
Qxc4 dxc4 34. Re4 Nd3 35. Rxc4 Nxb2 36. Rc8+ Ke7 37. Rc7+ Ke6 38. Rxb7 Nxa4 39.
Rxg7 Ra8 40. Rg6+ Kd5 41. Rd6+ Kc5 42. Nd4 Nc3 43. Ne6+ Kc4 44. Nc7 Rc8 45.
Rc6+ Kb3 46. e6 Nd5 47. Rc5 Nxc7 48. e7 a4 49. Rxc7 Re8 50. Rb7+ Kc2 51. Ra7
Kb3 52. Rb7+ 1/2-1/2

[Event "Icelandic Team Championship 2021-22 - P"]
[Site "Reykjavik"]
[Date "2022.03.03"]
[Round "6.1"]
[White "Kjartansson, Gudmundur"]
[Black "Bromann, Thorbjorn"]
[Result "0-1"]
[WhiteElo "2450"]
[BlackElo "2376"]
[PlyCount "84"]
[EventDate "2021.09.30"]
[EventType "team-tourn"]
[EventRounds "10"]
[EventCountry "ISL"]
[WhiteTeam "Taflfélag Reykjavíkur"]
[BlackTeam "Skákfélag Akureyrar"]

1. d4 e6 2. c4 Bb4+ 3. Nd2 d5 4. a3 Be7 5. Ngf3 Nf6 6. e3 O-O 7. Bd3 c5 8. dxc5
a5 9. b3 Nbd7 10. Bb2 Nxc5 11. Bc2 b6 12. O-O Bb7 13. Qe2 dxc4 14. Nxc4 b5 15.
Nce5 Bd5 16. Nd2 Qb6 17. Ng4 Nxg4 18. Qxg4 f6 19. Qh4 g6 20. e4 Bb7 21. e5 Qd8
22. exf6 Bxf6 23. Bxf6 Qxf6 24. Qxf6 Rxf6 25. Rac1 Rd8 26. Bd1 Nd3 27. Rc7 Bxg2
28. Kxg2 Nf4+ 29. Kg3 Rxd2 30. Rc5 Nd5 31. Rxb5 Ne3 32. fxe3 Rxf1 33. Bg4 Rg1+
34. Kh3 Kf7 35. Rxa5 h5 36. Bf3 Rf2 37. Bc6 g5 38. Ra8 g4+ 39. Kh4 Rxh2+ 40.
Kg5 Ke7 41. Rh8 g3 42. Rxh5 Rc1 0-1

[Event "Icelandic Team Championship 2021-22 - P"]
[Site "Reykjavik"]
[Date "2022.03.03"]
[Round "6.1"]
[White "Karlsson, Bjorn-Ivar"]
[Black "Gretarsson, Helgi Ass"]
[Result "0-1"]
[WhiteElo "2295"]
[BlackElo "2467"]
[PlyCount "88"]
[EventDate "2021.09.30"]
[EventType "team-tourn"]
[EventRounds "10"]
[EventCountry "ISL"]
[WhiteTeam "Skákfélag Akureyrar"]
[BlackTeam "Taflfélag Reykjavíkur"]

1. d4 Nf6 2. c4 Nc6 3. Nf3 e6 4. Nc3 Bb4 5. Qc2 d6 6. a3 Bxc3+ 7. Qxc3 O-O 8.
e3 Re8 9. Be2 e5 10. d5 Ne7 11. Nd2 a5 12. O-O a4 13. e4 c6 14. Re1 Qc7 15. Bf1
Nd7 16. Nf3 Nc5 17. Bg5 f6 18. Bh4 Nb3 19. Rad1 cxd5 20. exd5 Bg4 21. h3 Bh5
22. g4 Bf7 23. Nd2 Nc5 24. f3 b5 25. cxb5 Nxd5 26. Qc2 Nb6 27. Bf2 Rac8 28. Rc1
Qb8 29. Qd1 Ne6 30. Nc4 Nxc4 31. Bxc4 Nf4 32. Bf1 Bb3 33. Qd2 Qb7 34. Rxc8 Rxc8
35. Rc1 Rxc1 36. Qxc1 Qxf3 37. Qc8+ Kf7 38. Qd7+ Kg6 39. Qf5+ Kh6 40. h4 Be6
41. g5+ Kh5 42. Qxh7+ Kg4 43. Qxg7 Nh3+ 44. Bxh3+ Kxh3 0-1

[Event "Icelandic Team Championship 2021-22 - P"]
[Site "Reykjavik"]
[Date "2022.03.03"]
[Round "6.1"]
[White "Thorhallsson, Throstur"]
[Black "Thorgeirsson, Jon Kristinn"]
[Result "1-0"]
[WhiteElo "2414"]
[BlackElo "2275"]
[PlyCount "93"]
[EventDate "2021.09.30"]
[EventType "team-tourn"]
[EventRounds "10"]
[EventCountry "ISL"]
[WhiteTeam "Taflfélag Reykjavíkur"]
[BlackTeam "Skákfélag Akureyrar"]

1. d4 Nf6 2. Nc3 d5 3. Bf4 Bf5 4. e3 e6 5. a3 Bd6 6. Bg3 O-O 7. Nf3 c5 8. Bd3
Bxd3 9. Qxd3 Nc6 10. dxc5 Bxc5 11. O-O Qe7 12. Na4 Rac8 13. c4 Rfd8 14. Rac1
Bd6 15. b4 Bxg3 16. hxg3 e5 17. cxd5 e4 18. Qb3 exf3 19. dxc6 fxg2 20. Rfd1
bxc6 21. Nc5 Qe5 22. Rxd8+ Rxd8 23. Rd1 Rxd1+ 24. Qxd1 h5 25. Kxg2 Qb2 26. Qd8+
Kh7 27. Qd3+ Kh6 28. Qb3 Qe2 29. Qxf7 h4 30. Qe6 hxg3 31. Kxg3 Qf1 32. Qxc6
Qg1+ 33. Qg2 Nh5+ 34. Kh3 Qa1 35. Ne4 Qe5 36. Qg4 g6 37. Ng3 Nf6 38. Qf4+ Qxf4
39. exf4 Kg7 40. Kg2 Kf7 41. Kf3 Ke6 42. Ne4 Nd5 43. Kg4 Kd7 44. Kg5 Kc6 45.
Nf6 Ne7 46. a4 Kd6 47. Ng4 1-0

[Event "Icelandic Team Championship 2021-22 - P"]
[Site "Reykjavik"]
[Date "2022.03.03"]
[Round "6.1"]
[White "Halldorsson, Halldor"]
[Black "Jacobsen, Mikkel Manosri"]
[Result "1-0"]
[WhiteElo "2211"]
[BlackElo "2241"]
[PlyCount "69"]
[EventDate "2021.09.30"]
[EventType "team-tourn"]
[EventRounds "10"]
[EventCountry "ISL"]
[WhiteTeam "Skákfélag Akureyrar"]
[BlackTeam "Taflfélag Reykjavíkur"]

1. e4 c5 2. Nf3 Nf6 3. Nc3 d5 4. exd5 Nxd5 5. Bc4 Nb6 6. Bb5+ Bd7 7. Qe2 e6 8.
d4 cxd4 9. Nxd4 Bb4 10. Bd2 a6 11. Bd3 Nc6 12. Nf3 Qc7 13. O-O h6 14. Rfe1 Be7
15. a4 Nb4 16. a5 Nc8 17. Ne5 Bd6 18. Qg4 Bxe5 19. Qxb4 Ne7 20. Rxe5 Qxe5 21.
Bf4 Qh5 22. Be4 e5 23. Qxb7 Rd8 24. Be3 f5 25. Bf3 Qg6 26. Bb6 e4 27. Bh5 Qxh5
28. Bxd8 Kxd8 29. Rd1 Qe8 30. Qb6+ Kc8 31. Qxa6+ Kb8 32. Rd6 Nc8 33. Nd5 Nxd6
34. Qxd6+ Ka7 35. Qb6+ 1-0

[Event "Icelandic Team Championship 2021-22 - P"]
[Site "Reykjavik"]
[Date "2022.03.03"]
[Round "6.1"]
[White "Johannesson, Ingvar Thor"]
[Black "Karason, Askell O"]
[Result "1-0"]
[WhiteElo "2315"]
[BlackElo "2186"]
[PlyCount "51"]
[EventDate "2021.09.30"]
[EventType "team-tourn"]
[EventRounds "10"]
[EventCountry "ISL"]
[WhiteTeam "Taflfélag Reykjavíkur"]
[BlackTeam "Skákfélag Akureyrar"]

1. d4 Nf6 2. c4 e6 3. g3 Bb4+ 4. Nd2 d5 5. Bg2 O-O 6. Ngf3 a5 7. O-O Nbd7 8.
Qc2 Re8 9. e4 dxe4 10. Nxe4 Bf8 11. Nc3 c6 12. Bf4 Nh5 13. Be3 e5 14. Rad1 Qc7
15. dxe5 Nxe5 16. Nxe5 Qxe5 17. Qb3 Bg4 18. Rd4 Nf6 19. Rf4 Red8 20. Qxb7 Rab8
21. Qxc6 Rxb2 22. Nd5 Rd6 23. Qa8 Qe6 24. Nxf6+ gxf6 25. Rxg4+ Qxg4 26. Bh6 1-0

[Event "Icelandic Team Championship 2021-22 - P"]
[Site "Reykjavik"]
[Date "2022.03.03"]
[Round "6.1"]
[White "Teitsson, Magnus"]
[Black "Birkisson, Bardur Orn"]
[Result "0-1"]
[WhiteElo "2118"]
[BlackElo "2160"]
[PlyCount "54"]
[EventDate "2021.09.30"]
[EventType "team-tourn"]
[EventRounds "10"]
[EventCountry "ISL"]
[WhiteTeam "Skákfélag Akureyrar"]
[BlackTeam "Taflfélag Reykjavíkur"]

1. e4 e5 2. Nf3 Nc6 3. Bb5 a6 4. Ba4 Nf6 5. d4 exd4 6. O-O Bc5 7. e5 Nd5 8. c3
O-O 9. Bb3 Nce7 10. Bg5 Qe8 11. Nbd2 d6 12. Ne4 Bf5 13. Nf6+ Nxf6 14. exf6 Ng6
15. Re1 Qd7 16. fxg7 Rfe8 17. Rxe8+ Rxe8 18. Nxd4 Bg4 19. f3 Be6 20. Qd2 Bxb3
21. axb3 Qe6 22. b4 Bb6 23. Qf2 Qe5 24. f4 Bxd4 25. cxd4 Qf5 26. h3 f6 27. g4
Qd3 0-1

[Event "Icelandic Team Championship 2021-22 - P"]
[Site "Reykjavik"]
[Date "2022.03.03"]
[Round "6.2"]
[White "Thybo, Jesper Sondergaard"]
[Black "Hjartarson, Johann"]
[Result "0-1"]
[WhiteElo "2590"]
[BlackElo "2470"]
[PlyCount "118"]
[EventDate "2021.09.30"]
[EventType "team-tourn"]
[EventRounds "10"]
[EventCountry "ISL"]
[WhiteTeam "Skákdeild Fjölnis"]
[BlackTeam "Víkingaklúbburinn"]

1. d4 Nf6 2. c4 e6 3. Nf3 Bb4+ 4. Bd2 a5 5. g3 d6 6. Bg2 Nbd7 7. O-O e5 8. e3
c6 9. a3 Bxd2 10. Nfxd2 O-O 11. Nc3 exd4 12. exd4 Nb6 13. c5 dxc5 14. dxc5 Nbd5
15. Nxd5 Nxd5 16. Ne4 Be6 17. Qd4 h6 18. b4 Qc7 19. b5 Rfd8 20. b6 Qe7 21. Qb2
a4 22. Rfd1 Ra5 23. Rac1 Rd7 24. Nd6 Rxd6 25. cxd6 Qxd6 26. Bf1 Qd8 27. Qb4
Qxb6 28. Qxb6 Nxb6 29. Rd8+ Kh7 30. Rb8 Ra7 31. Rb1 Bb3 32. f4 Nd5 33. Bd3+ g6
34. f5 gxf5 35. Bxf5+ Kg7 36. Bc8 b5 37. Rb7 Rxb7 38. Bxb7 Nc3 39. Ra1 c5 40.
Kf2 Kf6 41. Ke3 Ke5 42. Kd3 b4 43. Bc6 Nd5 44. Be8 Nb6 45. Bb5 c4+ 46. Kd2 bxa3
47. Rxa3 Kd4 48. Ra1 c3+ 49. Ke2 Kc5 50. Bd3 Kb4 51. g4 a3 52. h4 f6 53. Be4 a2
54. Kd3 Na4 55. Kd4 Ka3 56. Bb1 Kb2 57. Bxa2 Bxa2 58. Rg1 c2 59. Ke4 Be6 0-1

[Event "Icelandic Team Championship 2021-22 - P"]
[Site "Reykjavik"]
[Date "2022.03.03"]
[Round "6.2"]
[White "Pakleza, Zbigniew"]
[Black "Steingrimsson, Hedinn"]
[Result "1/2-1/2"]
[WhiteElo "2500"]
[BlackElo "2535"]
[PlyCount "54"]
[EventDate "2021.09.30"]
[EventType "team-tourn"]
[EventRounds "10"]
[EventCountry "ISL"]
[WhiteTeam "Víkingaklúbburinn"]
[BlackTeam "Skákdeild Fjölnis"]

1. Nf3 d5 2. g3 Bg4 3. Bg2 Nd7 4. c4 e6 5. cxd5 exd5 6. O-O c6 7. h3 Bxf3 8.
Bxf3 h5 9. d4 Bd6 10. Nc3 f5 11. Qd3 g6 12. Bg2 Ngf6 13. Bg5 Qe7 14. Rad1 Qf7
15. e3 Nb6 16. Rfe1 O-O 17. Ne2 Ne4 18. Bh6 Rfe8 19. h4 Re7 20. Bf4 Rae8 21.
Bxd6 Nxd6 22. Nf4 Ne4 23. b3 Kg7 24. Bf3 Nc8 25. Kg2 Ncd6 26. Qc2 a6 27. a4 Nf6
1/2-1/2

[Event "Icelandic Team Championship 2021-22 - P"]
[Site "Reykjavik"]
[Date "2022.03.03"]
[Round "6.2"]
[White "Ris, Robert"]
[Black "Thorfinnsson, Bjorn"]
[Result "1-0"]
[WhiteElo "2468"]
[BlackElo "2387"]
[PlyCount "77"]
[EventDate "2021.09.30"]
[EventType "team-tourn"]
[EventRounds "10"]
[EventCountry "ISL"]
[WhiteTeam "Skákdeild Fjölnis"]
[BlackTeam "Víkingaklúbburinn"]

1. e4 e5 2. Bc4 Nc6 3. Nc3 Nf6 4. d3 Na5 5. Bb3 Nxb3 6. axb3 d5 7. Nf3 dxe4 8.
Nxe5 exd3 9. O-O Be7 10. Nxd3 O-O 11. Qf3 c6 12. h3 Be6 13. Re1 Re8 14. Bg5 h6
15. Bh4 a6 16. Re2 Nd7 17. Bxe7 Qxe7 18. Rae1 Qd6 19. Ne4 Qc7 20. Nec5 Nf8 21.
Nf4 Bd7 22. Nh5 Qa5 23. Nxd7 Qxe1+ 24. Rxe1 Rxe1+ 25. Kh2 Nxd7 26. Qg3 g6 27.
Qc3 Re5 28. Nf6+ Nxf6 29. Qxe5 Kg7 30. Qc7 Re8 31. Qxb7 Re2 32. Qxc6 Rxf2 33.
b4 h5 34. c3 Rxb2 35. Qxa6 Ne4 36. Qa7 Re2 37. b5 h4 38. b6 Nd2 39. Kg1 1-0

[Event "Icelandic Team Championship 2021-22 - P"]
[Site "Reykjavik"]
[Date "2022.03.03"]
[Round "6.2"]
[White "Gunnarsson, Jon Viktor"]
[Black "Ragnarsson, Dagur"]
[Result "1-0"]
[WhiteElo "2439"]
[BlackElo "2351"]
[PlyCount "75"]
[EventDate "2021.09.30"]
[EventType "team-tourn"]
[EventRounds "10"]
[EventCountry "ISL"]
[WhiteTeam "Víkingaklúbburinn"]
[BlackTeam "Skákdeild Fjölnis"]

1. d4 Nf6 2. Nc3 d5 3. Bf4 a6 4. e3 c5 5. Nf3 cxd4 6. exd4 Nc6 7. Ne5 Qb6 8.
Na4 Qa5+ 9. c3 Nxe5 10. Bxe5 e6 11. Bd3 b5 12. Nc5 b4 13. O-O bxc3 14. bxc3 Qd8
15. Rb1 Be7 16. Qa4+ Kf8 17. Qc6 Bd7 18. Qb7 Bb5 19. Bxb5 axb5 20. Rxb5 Rxa2
21. Qc6 Ra8 22. Rfb1 Rc8 23. Qxc8 Qxc8 24. Rb8 Qe8 25. Rxe8+ Kxe8 26. f3 Rg8
27. Rb8+ Bd8 28. Rb7 g5 29. g4 h5 30. Bxf6 Bxf6 31. Rb8+ Bd8 32. Nb7 Kd7 33.
gxh5 Rg7 34. Nxd8 Kc7 35. Ra8 Rh7 36. Nxf7 Kb7 37. Rf8 Rxh5 38. Ne5 1-0

[Event "Icelandic Team Championship 2021-22 - P"]
[Site "Reykjavik"]
[Date "2022.03.03"]
[Round "6.2"]
[White "Bjornsson, Sigurbjorn"]
[Black "Sammalvuo, Tapani"]
[Result "0-1"]
[WhiteElo "2305"]
[BlackElo "2411"]
[PlyCount "128"]
[EventDate "2021.09.30"]
[EventType "team-tourn"]
[EventRounds "10"]
[EventCountry "ISL"]
[WhiteTeam "Skákdeild Fjölnis"]
[BlackTeam "Víkingaklúbburinn"]

1. e4 e5 2. Nf3 Nc6 3. Bb5 a6 4. Ba4 Nf6 5. O-O Be7 6. Re1 b5 7. Bb3 d6 8. c3
O-O 9. h3 Nb8 10. d4 Nbd7 11. Nbd2 Bb7 12. Bc2 Re8 13. Nf1 Bf8 14. Ng3 g6 15.
a4 c5 16. dxe5 dxe5 17. Qe2 Bc6 18. Bg5 h6 19. Be3 c4 20. Nh2 h5 21. Bg5 Qc7
22. Qf3 Nh7 23. Be3 f5 24. axb5 axb5 25. Rxa8 Rxa8 26. Nxf5 gxf5 27. Qg3+ Kh8
28. exf5 Be7 29. f3 Rg8 30. Qf2 Ndf6 31. Kh1 Qb7 32. Bc5 Bxc5 33. Qxc5 e4 34.
Bxe4 Re8 35. Qd4 Bxe4 36. fxe4 Rxe4 37. Qd8+ Kg7 38. Rxe4 Qxe4 39. Qc7+ Kh6 40.
Nf3 Qxf5 41. Nd4 Qf1+ 42. Kh2 Ng5 43. Nxb5 Nf3+ 44. gxf3 Qf2+ 45. Kh1 Qxf3+ 46.
Kh2 Qe2+ 47. Kg1 Qe3+ 48. Kh2 Qd2+ 49. Kh1 Qc1+ 50. Kh2 Qxb2+ 51. Kh1 Qb1+ 52.
Kh2 Qxb5 53. h4 Qb2+ 54. Kh1 Qc1+ 55. Kg2 Qd2+ 56. Kh1 Qe1+ 57. Kg2 Qe4+ 58.
Kg1 Qxh4 59. Qf7 Qg3+ 60. Kh1 Qf3+ 61. Kg1 Qd1+ 62. Kh2 Ng4+ 63. Kg2 Ne3+ 64.
Kg3 Qg1+ 0-1

[Event "Icelandic Team Championship 2021-22 - P"]
[Site "Reykjavik"]
[Date "2022.03.03"]
[Round "6.2"]
[White "Kjartansson, David"]
[Black "Heimisson, Hilmir Freyr"]
[Result "1-0"]
[WhiteElo "2305"]
[BlackElo "2333"]
[PlyCount "93"]
[EventDate "2021.09.30"]
[EventType "team-tourn"]
[EventRounds "10"]
[EventCountry "ISL"]
[WhiteTeam "Víkingaklúbburinn"]
[BlackTeam "Skákdeild Fjölnis"]

1. b3 e5 2. Bb2 Nc6 3. e3 Nf6 4. Bb5 e4 5. Ne2 h5 6. d4 a6 7. Bxc6 dxc6 8. c4
Bb4+ 9. Nbc3 h4 10. h3 Bf5 11. Qc2 Qd7 12. O-O-O O-O-O 13. Kb1 Bd6 14. Na4 Rh5
15. d5 c5 16. b4 cxb4 17. c5 Bf8 18. Nf4 Rh6 19. Be5 Qe7 20. Qb2 Ne8 21. d6
cxd6 22. cxd6 Nxd6 23. Nd5 Qe8 24. Bf4 Kb8 25. Nab6 g5 26. Bxg5 Rg6 27. Bf4 Bg7
28. Qxb4 Ka7 29. a4 Nc8 30. Bc7 Rxd5 31. Nxd5 Rc6 32. a5 Be6 33. Bb6+ Kb8 34.
Bd4 Bxd5 35. Bxg7 Rc4 36. Qb2 Rc5 37. Qe5+ Qxe5 38. Bxe5+ Ka8 39. Bc7 Ne7 40.
Bb6 Rb5+ 41. Kc1 Kb8 42. Rd2 Nc6 43. Rhd1 Nb4 44. Rd4 Na2+ 45. Kd2 Nb4 46. Rb1
Nc6 47. Rxb5 1-0

[Event "Icelandic Team Championship 2021-22 - P"]
[Site "Reykjavik"]
[Date "2022.03.03"]
[Round "6.2"]
[White "Johannesson, Oliver"]
[Black "Bjornsson, Tomas"]
[Result "1/2-1/2"]
[WhiteElo "2220"]
[BlackElo "2174"]
[PlyCount "72"]
[EventDate "2021.09.30"]
[EventType "team-tourn"]
[EventRounds "10"]
[EventCountry "ISL"]
[WhiteTeam "Skákdeild Fjölnis"]
[BlackTeam "Víkingaklúbburinn"]

1. d4 Nf6 2. c4 e6 3. Nc3 d5 4. cxd5 exd5 5. Bg5 Be7 6. e3 O-O 7. Bd3 c6 8. Qc2
h6 9. Bh4 Re8 10. Nge2 Ne4 11. Bxe7 Qxe7 12. Bxe4 dxe4 13. Ng3 f5 14. O-O Be6
15. f3 Na6 16. fxe4 Nb4 17. Qd2 fxe4 18. Ncxe4 Bxa2 19. Rf4 Rf8 20. Nc5 Rxf4
21. exf4 a5 22. Re1 Qf7 23. Re5 b6 24. Nce4 Rd8 25. Nf5 Nd5 26. Qf2 Bb1 27. Qh4
Bxe4 28. Qxd8+ Kh7 29. Nd6 Qxf4 30. Rxe4 Qc1+ 31. Kf2 Qd2+ 32. Kg3 Qd3+ 33. Kh4
Nf6 34. Qe7 Kh8 35. Qd8+ Kh7 36. Qe7 Kh8 1/2-1/2

[Event "Icelandic Team Championship 2021-22 - P"]
[Site "Reykjavik"]
[Date "2022.03.03"]
[Round "6.2"]
[White "Palsson, Halldor"]
[Black "Halldorsson, Jon Arni"]
[Result "0-1"]
[WhiteElo "1991"]
[BlackElo "2070"]
[PlyCount "68"]
[EventDate "2021.09.30"]
[EventType "team-tourn"]
[EventRounds "10"]
[EventCountry "ISL"]
[WhiteTeam "Víkingaklúbburinn"]
[BlackTeam "Skákdeild Fjölnis"]

1. e4 e6 2. d4 d5 3. exd5 exd5 4. Bd3 Nc6 5. c3 Bd6 6. Nf3 Nge7 7. Bg5 Bg4 8.
Nbd2 Qd7 9. O-O O-O-O 10. b4 f6 11. Be3 Ng6 12. Qa4 Kb8 13. b5 Nce7 14. h3 Bf5
15. Ne5 fxe5 16. dxe5 b6 17. exd6 Bxd3 18. dxe7 Nxe7 19. Rfe1 Bxb5 20. Qb4 a5
21. Qa3 Nf5 22. Bf4 Rhe8 23. Nf3 Re4 24. Ne5 Qe6 25. Rxe4 dxe4 26. c4 Be8 27.
c5 Kb7 28. cxb6 cxb6 29. Kh2 g5 30. Bxg5 Qxe5+ 31. g3 Rd3 32. Qf8 Rf3 33. Bf4
Rxf2+ 34. Kh1 Qxa1+ 0-1

[Event "Icelandic Team Championship 2021-22 - P"]
[Site "Reykjavik"]
[Date "2022.03.03"]
[Round "6.3"]
[White "Stefansson, Vignir Vatnar"]
[Black "Gretarsson, Hjorvar Steinn"]
[Result "1/2-1/2"]
[WhiteElo "2477"]
[BlackElo "2554"]
[PlyCount "83"]
[EventDate "2021.09.30"]
[EventType "team-tourn"]
[EventRounds "10"]
[EventCountry "ISL"]
[WhiteTeam "Skákdeild Breiðabliks"]
[BlackTeam "Taflfélag Garðabæjar"]

1. c4 Nf6 2. Nc3 e5 3. Nf3 Nc6 4. e3 Bb4 5. Qc2 O-O 6. Nd5 Re8 7. Qf5 d6 8.
Nxf6+ Qxf6 9. Qxf6 gxf6 10. a3 Bc5 11. b4 Bb6 12. d3 a5 13. b5 Ne7 14. a4 Bc5
15. Nd2 d5 16. Nb3 Bb4+ 17. Bd2 dxc4 18. dxc4 Bf5 19. Bxb4 axb4 20. Ra2 c6 21.
bxc6 Nxc6 22. Be2 Na5 23. Nxa5 Rxa5 24. Rb2 Rxa4 25. O-O Rea8 26. g4 Bg6 27.
Re1 f5 28. gxf5 Bxf5 29. f3 e4 30. f4 Kf8 31. Reb1 Ra2 32. Kf2 R8a4 33. Ke1
Rxb2 34. Rxb2 Be6 35. Kd2 b5 36. cxb5 Ke7 37. f5 Bd5 38. Bd1 Ra2 39. Kc1 Ra1+
40. Kd2 Ra2 41. Kc1 Ra1+ 42. Kd2 1/2-1/2

[Event "Icelandic Team Championship 2021-22 - P"]
[Site "Reykjavik"]
[Date "2022.03.03"]
[Round "6.3"]
[White "Stefansson, Hannes"]
[Black "Jensson, Einar Hjalti"]
[Result "1-0"]
[WhiteElo "2520"]
[BlackElo "2326"]
[PlyCount "121"]
[EventDate "2021.09.30"]
[EventType "team-tourn"]
[EventRounds "10"]
[EventCountry "ISL"]
[WhiteTeam "Taflfélag Garðabæjar"]
[BlackTeam "Skákdeild Breiðabliks"]

1. e4 e5 2. Nf3 Nc6 3. Bb5 Nf6 4. O-O Nxe4 5. d4 Nd6 6. Bxc6 dxc6 7. dxe5 Nf5
8. Qxd8+ Kxd8 9. h3 h6 10. Nc3 b6 11. Rd1+ Ke8 12. Bf4 Be6 13. g4 Ne7 14. Nd4
a6 15. Bg3 c5 16. Nxe6 fxe6 17. Ne4 Nc6 18. f4 Rd8 19. c3 Be7 20. f5 Kf7 21. f6
Rxd1+ 22. Rxd1 Rd8 23. Rf1 Bf8 24. fxg7+ Kxg7 25. Kf2 Be7 26. Ke2 c4 27. Nf6
Rd3 28. Nh5+ Kg8 29. Rf3 Rxf3 30. Kxf3 Kf7 31. h4 b5 32. Ke4 Na5 33. Nf4 Nb7
34. Bf2 Bc5 35. Bd4 Be7 36. Ng2 Nc5+ 37. Bxc5 Bxc5 38. Ne1 Be7 39. Nf3 Kg6 40.
Kf4 c5 41. h5+ Kf7 42. g5 Bf8 43. g6+ Kg7 44. Nd2 Be7 45. Ne4 Kf8 46. Kf3 Kg7
47. a4 Kf8 48. Nd6 Bg5 49. axb5 axb5 50. Nxb5 Bc1 51. Ke2 Bf4 52. Nd6 Bxe5 53.
Nxc4 Bg7 54. b4 Bxc3 55. b5 Ke7 56. Kd3 Bf6 57. b6 Kd7 58. b7 Kc7 59. Nd6 Kb8
60. Kc4 Bd4 61. Ne4 1-0

[Event "Icelandic Team Championship 2021-22 - P"]
[Site "Reykjavik"]
[Date "2022.03.03"]
[Round "6.3"]
[White "Gislason, Gudmundur"]
[Black "Nagy, Gabor"]
[Result "0-1"]
[WhiteElo "2308"]
[BlackElo "2507"]
[PlyCount "62"]
[EventDate "2021.09.30"]
[EventType "team-tourn"]
[EventRounds "10"]
[EventCountry "ISL"]
[WhiteTeam "Skákdeild Breiðabliks"]
[BlackTeam "Taflfélag Garðabæjar"]

1. d4 Nf6 2. g3 c5 3. d5 e6 4. c4 exd5 5. cxd5 d6 6. Bg2 b5 7. a4 b4 8. b3 g6
9. Bb2 Bg7 10. Nd2 O-O 11. Nc4 Ba6 12. Rc1 Re8 13. e3 Bxc4 14. Rxc4 Nbd7 15.
Ne2 a5 16. O-O Nb6 17. Rc1 Nfd7 18. Bxg7 Kxg7 19. e4 Qf6 20. f4 Rac8 21. g4 Kg8
22. e5 dxe5 23. f5 Qg5 24. Ng3 Nf6 25. fxg6 fxg6 26. Kh1 e4 27. d6 Rcd8 28.
Rxf6 Qxf6 29. Nxe4 Qf4 30. Qe1 Nd7 31. Rc2 Nf6 0-1

[Event "Icelandic Team Championship 2021-22 - P"]
[Site "Reykjavik"]
[Date "2022.03.03"]
[Round "6.3"]
[White "Pantzar, Milton"]
[Black "Ornolfsson, Magnus P."]
[Result "1-0"]
[WhiteElo "2427"]
[BlackElo "2163"]
[PlyCount "109"]
[EventDate "2021.09.30"]
[EventType "team-tourn"]
[EventRounds "10"]
[EventCountry "ISL"]
[WhiteTeam "Taflfélag Garðabæjar"]
[BlackTeam "Skákdeild Breiðabliks"]

1. c4 Nf6 2. Nc3 c5 3. g3 g6 4. Bg2 Bg7 5. b3 Nc6 6. Ba3 d6 7. e3 O-O 8. Nge2
Bg4 9. O-O Qd7 10. d4 cxd4 11. exd4 Bh3 12. d5 Bxg2 13. Kxg2 Ne5 14. h3 Qc7 15.
Nd4 a6 16. Qd2 Rab8 17. Bb2 Rfe8 18. Rfe1 h5 19. a4 h4 20. g4 Qc8 21. f3 Nxc4
22. bxc4 Qxc4 23. Nc2 b5 24. axb5 axb5 25. Ne3 Qb3 26. Reb1 Qb4 27. Ba3 Qf4 28.
Ne2 Qh6 29. Ra2 Rec8 30. Qd3 Nd7 31. f4 Nc5 32. Bxc5 Rxc5 33. Ra7 Bf8 34. Ra5
g5 35. Raxb5 Rcxb5 36. Rxb5 Rxb5 37. Qxb5 gxf4 38. Nf5 Qf6 39. Qd3 e6 40. Qd4
e5 41. Qd3 Qd8 42. Nc3 Qb8 43. Ne4 Qb2+ 44. Nf2 Qa2 45. Nxh4 Be7 46. Nf5 Bd8
47. Nxd6 Bb6 48. Nde4 Bd4 49. d6 Qd5 50. g5 Kf8 51. h4 Qe6 52. h5 Qd5 53. h6 f5
54. gxf6 Qg8+ 55. Kf1 1-0

[Event "Icelandic Team Championship 2021-22 - P"]
[Site "Reykjavik"]
[Date "2022.03.03"]
[Round "6.3"]
[White "Ingvason, Johann"]
[Black "Brynell, Stellan"]
[Result "1/2-1/2"]
[WhiteElo "2147"]
[BlackElo "2406"]
[PlyCount "145"]
[EventDate "2021.09.30"]
[EventType "team-tourn"]
[EventRounds "10"]
[EventCountry "ISL"]
[WhiteTeam "Skákdeild Breiðabliks"]
[BlackTeam "Taflfélag Garðabæjar"]

1. e4 e6 2. d4 d5 3. Bd3 c5 4. c3 Nc6 5. Ne2 dxe4 6. Bxe4 Nf6 7. Bf3 cxd4 8.
Nxd4 Ne5 9. Be2 Be7 10. O-O O-O 11. a4 a6 12. Na3 Bd7 13. h3 Nd5 14. f4 Nc6 15.
Nac2 Bf6 16. Kh1 Rc8 17. Bf3 Nce7 18. Qe2 Qc7 19. Be4 g6 20. Qf3 Rfd8 21. Ne3
Bxd4 22. cxd4 Nxe3 23. Bxe3 Bc6 24. Rfc1 Qd7 25. Rc5 Bxe4 26. Qxe4 b6 27. Rxc8
Rxc8 28. Qd3 Qd5 29. Kh2 Nf5 30. Bf2 Qc4 31. Qxc4 Rxc4 32. d5 exd5 33. Bxb6 d4
34. g4 Rc2+ 35. Kg1 Rxb2 36. a5 Nh4 37. Rd1 Nf3+ 38. Kf1 Rb3 39. Kg2 h5 40.
Bxd4 Nxd4 41. Rxd4 Rb5 42. Ra4 h4 43. g5 Rb3 44. f5 Rg3+ 45. Kh2 Rxg5 46. fxg6
fxg6 47. Rxh4 Rxa5 48. Rc4 Kf7 49. Rc6 Ra3 50. h4 Kg7 51. Kg2 Kh6 52. Rc5 Rb3
53. Ra5 Rb6 54. Kg3 Kg7 55. h5 gxh5 56. Rxh5 Rf6 57. Rc5 Kf7 58. Rc7+ Ke8 59.
Ra7 Kd8 60. Kg4 Kc8 61. Kg5 Rc6 62. Kf5 Kb8 63. Rh7 a5 64. Ke5 a4 65. Kd5 Ra6
66. Rh2 Kb7 67. Rb2+ Kc7 68. Kc4 Kc6 69. Rh2 a3 70. Rh6+ Kb7 71. Rxa6 Kxa6 72.
Kb3 Kb5 73. Kxa3 1/2-1/2

[Event "Icelandic Team Championship 2021-22 - P"]
[Site "Reykjavik"]
[Date "2022.03.03"]
[Round "6.3"]
[White "Petersson, Baldur Teodor"]
[Black "Halldorsson, Gudmundur"]
[Result "1-0"]
[WhiteElo "2242"]
[BlackElo "2142"]
[PlyCount "55"]
[EventDate "2021.09.30"]
[EventType "team-tourn"]
[EventRounds "10"]
[EventCountry "ISL"]
[WhiteTeam "Taflfélag Garðabæjar"]
[BlackTeam "Skákdeild Breiðabliks"]

1. e4 c6 2. Nc3 d5 3. d4 dxe4 4. Nxe4 Nf6 5. Nxf6+ exf6 6. Bc4 Na6 7. c3 Nc7 8.
Ne2 Bd6 9. Bf4 O-O 10. O-O Be6 11. Bd3 Nd5 12. Bxd6 Qxd6 13. Qc2 g6 14. a3 f5
15. c4 Nf6 16. Rad1 Rad8 17. g3 Nh5 18. Nc3 Qc7 19. d5 cxd5 20. cxd5 Bc8 21.
Be2 Nf6 22. Qd2 a6 23. d6 Qc6 24. Qd4 Ne4 25. Nd5 Qxd6 26. f3 Be6 27. fxe4 Bxd5
28. exd5 1-0